[Event "ISR-chT 2020"]
[Site "Israel"]
[Date "2020.01.17"]
[Round "3.28"]
[White "Mesropov, Konstantin"]
[Black "Manor, Ilan"]
[Result "1/2-1/2"]
[WhiteElo "2416"]
[BlackElo "2457"]
[Annotator "ChessBase"]
[PlyCount "63"]
[EventDate "2020.01.10"]
[EventType "team-tourn"]
[EventCountry "ISR"]
[SourceTitle "playchess.com"]
[Source "ChessBase"]
[SourceQuality "1"]
[TimeControl "40/5400+30:1800+30"]

1. d4 {[%emt 1:30:30]} Nf6 {[%emt 0:07:45]} 2. Bg5 {[%emt 0:00:00]} c5 {[%emt 0:00:45]} 3. Bxf6 {[%emt 0:00:00]} gxf6 {[%emt 0:00:07]} 4. d5 {[%emt 0:00:00]} f5 {[%emt 0:00:24]} 5. c4 {[%emt 0:00:00]} b5 {[%emt 0:04:29]} 6. cxb5 {[%emt 0:00:00]} a6 {[%emt 0:03:27]} 7. bxa6 {[%emt 0:00:00]} Bg7 {[%emt 0:04:09]} 8. Nc3 {[%emt 0:00:00]} Qa5 {[%emt 0:10:50]} 9. Qd2 {[%emt 0:00:00]} Nxa6 {[%emt 0:00:09]} 10. e3 {[%emt 0:00:00]} Nb4 {[%emt 0:17:30]} 11. Nge2 {[%emt 0:00:00]} Rb8 {[%emt 0:14:07]} 12. Rc1 {[%emt 0:00:00]} Ba6 {[%emt 0:00:09]} 13. Ng3 {[%emt 0:00:00]} Nxa2 {[%emt 0:04:43]} 14. Nxa2 {[%emt 0:00:00]} Qxa2 {[%emt 0:00:10]} 15. b4 {[%emt 0:00:00]} Qxd2+ {[%emt 0:07:25]} 16. Kxd2 {[%emt 0:00:00]} Bxf1 {[%emt 0:00:06]} 17. Rhxf1 {[%emt 0:00:00]} cxb4 {[%emt 0:00:16]} 18. Nxf5 {[%emt 0:00:00]} Bc3+ {[%emt 0:03:27]} 19. Kd3 {[%emt 0:00:00]} d6 {[%emt 0:01:48]} 20. Nd4 {[%emt 0:00:00]} Kd7 {[%emt 0:01:36]} 21. Ne2 {[%emt 0:00:00]} Bf6 {[%emt 0:01:54]} 22. Rc4 {[%emt 0:00:21]} Rb5 {[%emt 0:01:43]} 23. Nd4 {[%emt 0:01:51]} Bxd4 {[%emt 0:02:56]} 24. Kxd4 {[%emt 0:00:22]} Ra8 {[%emt 0:00:39]} 25. Rb1 {[%emt 0:02:58]} b3 {[%emt 0:00:56]} 26. Kc3 {[%emt 0:00:33]} Rab8 {[%emt 0:05:43]} 27. Rb2 {[%emt 0:00:43]} h5 {[%emt 0:01:46]} 28. Rf4 {[%emt 0:01:47]} Rc5+ {[%emt 0:00:43]} 29. Rc4 {[%emt 0:00:28]} Rcb5 {[%emt 0:01:26]} 30. Rf4 {[%emt 0:00:07]} Rc8+ {[%emt 0:01:37]} 31. Rc4 {[%emt 0:00:12]} Rcb8 {[%emt 0:00:21]} 32. Rf4 1/2-1/2

[Event "ISR-chT 2020"]
[Site "Israel"]
[Date "2020.01.17"]
[Round "3.29"]
[White "Botvinnik, Mikhail"]
[Black "Bykhovsky, Avigdor"]
[Result "1-0"]
[WhiteElo "2348"]
[BlackElo "2403"]
[Annotator "TA"]
[PlyCount "80"]
[EventDate "2020.01.10"]
[EventType "team-tourn"]
[EventCountry "ISR"]
[SourceTitle "playchess.com"]
[Source "ChessBase"]
[SourceQuality "1"]

{[%evp 10,80,10,11,31,0,10,1,21,13,17,0,39,41,43,43,58,47,57,62,64,64,64,64,62,53,59,59,62,41,50,22,103,100,85,91,108,122,115,114,127,68,137,79,167,140,183,165,191,191,183,193,197,174,222,250,259,233,247,250,250,231,245,245,212,187,184,180,184,179,205,182,321]} 1. d4 d5 2. c4 c6 3. Nf3 Nf6 4. Qc2 g6 5. Bf4 Bg7 6. e3 Bf5 {D11: Slav Defence: 3 Nf3 sidelines and 3...Nf6 4 e3 Bg4} (6... O-O 7. cxd5 Bf5 8. Qb3 Bxb1 9. Rxb1 Qa5+ 10. Nd2 Nxd5 11. Bg3 e5 12. dxe5 Nd7 13. Qa3 Qxa3 14. bxa3 b5 {0-1 (57) Romanov,E (2611)-Saric,I (2689) Biograd 2018}) 7. Bd3 Bxd3 8. Qxd3 Nbd7 {The position is equal.} 9. Nc3 dxc4 10. Qxc4 O-O 11. O-O Nh5 12. Be5 Rc8 $146 ({Predecessor:} 12... Nxe5 13. dxe5 Bh8 14. Rfd1 {1-0 (28) Akdogan,A (2310)-Batmaz,O (1597) Konya 2018}) 13. Bxg7 (13. Rac1 {keeps more tension.} b5 14. Qb3 a5 15. Rfd1 Nhf6 16. h3) 13... Nxg7 14. Rfd1 e6 15. e4 Qe7 16. e5 Rfd8 17. Ne4 Ne8 18. b4 Nb6 19. Qb3 Nd5 20. a3 f5 {[#]} (20... Ra8 $11) 21. exf6 $1 $16 Nexf6 22. Nc5 b6 23. Nd3 Nd7 24. Re1 Re8 25. Re2 (25. Rac1 $16) 25... Qd6 (25... c5 $14 26. Rc1 Rc7) 26. Rae1 (26. Rc1 $142) 26... Rc7 (26... c5 $16 27. dxc5 bxc5 28. bxc5 Nxc5 29. Nxc5 Rxc5) 27. g3 Nf8 28. h4 h6 29. Kg2 Kg7 30. Nde5 Ra8 31. Rc1 a5 32. bxa5 bxa5 33. Qa4 c5 {White is clearly better.} 34. dxc5 Rxc5 35. Rxc5 Qxc5 36. Rc2 Qa7 37. Nc6 Qb6 38. Qe4 Rc8 39. Nfd4 Nf6 40. Qe5 ({Much less strong is} 40. Nxe6+ $6 Nxe6 41. Qxe6 Qb7 $16) 40... Qb1 {Accuracy: White = 64%, Black = 45%.} (40... Qc7 {was necessary.} 41. Qb5 Re8) 1-0

[Event "ISR-chT 2020"]
[Site "Israel"]
[Date "2020.01.17"]
[Round "3.30"]
[White "Tarnopolsky, Anatoly"]
[Black "Friedland, Moshe"]
[Result "1-0"]
[WhiteElo "2306"]
[BlackElo "2257"]
[Annotator "ChessBase"]
[PlyCount "65"]
[EventDate "2020.01.10"]
[EventType "team-tourn"]
[EventCountry "ISR"]
[SourceTitle "playchess.com"]
[Source "ChessBase"]
[SourceQuality "1"]
[TimeControl "40/5400+30:1800+30"]

1. d4 {[%emt 0:00:00]} Nf6 {[%emt 0:05:34]} 2. c4 {[%emt 0:00:00]} c6 {[%emt 0:01:40]} 3. Nc3 {[%emt 0:06:04]} d5 {[%emt 0:00:04]} 4. cxd5 {[%emt 0:00:09]} cxd5 {[%emt 0:00:05]} 5. Nf3 {[%emt 0:00:08]} Nc6 {[%emt 0:01:50]} 6. Bf4 {[%emt 0:00:06]} Bf5 {[%emt 0:05:11]} 7. e3 {[%emt 0:01:16]} a6 {[%emt 0:05:32]} 8. Be2 {[%emt 0:16:53]} e6 {[%emt 0:00:25]} 9. Qb3 {[%emt 0:00:13]} Na5 {[%emt 0:18:45]} 10. Qa4+ {[%emt 0:03:39]} Nc6 {[%emt 0:00:50]} 11. Ne5 {[%emt 0:14:42]} Qb6 {[%emt 0:02:04]} 12. Nxc6 {[%emt 0:05:45]} bxc6 {[%emt 0:00:19]} 13. O-O {[%emt 0:00:11]} Be7 {[%emt 0:04:39]} 14. Qb3 {[%emt 0:04:27]} Nd7 {[%emt 0:14:19]} 15. Rfc1 {[%emt 0:05:12]} Qa7 {[%emt 0:11:21]} 16. Qa4 {[%emt 0:09:25]} c5 {[%emt 0:10:21]} 17. dxc5 {[%emt 0:01:05]} Bxc5 {[%emt 0:00:01]} 18. b4 {[%emt 0:03:36]} Bb6 {[%emt 0:00:31]} 19. b5 {[%emt 0:08:21]} Nc5 {[%emt 0:01:42]} 20. Qd1 {[%emt 0:01:32]} O-O {[%emt 0:01:13]} 21. bxa6 {[%emt 0:04:11]} Nxa6 {[%emt 0:03:16]} 22. Nb5 {[%emt 0:00:07]} Qd7 {[%emt 0:00:22]} 23. Nd4 {[%emt 0:02:49]} Bg6 {[%emt 0:01:49]} 24. Bb5 {[%emt 0:00:37]} Qa7 {[%emt 0:00:08]} 25. Nc6 {[%emt 0:01:02]} Qb7 {[%emt 0:02:18]} 26. Bd6 {[%emt 0:03:32]} Rfd8 {[%emt 0:03:45]} 27. Ne7+ {[%emt 0:03:54]} Kh8 {[%emt 0:00:04]} 28. Bc6 {[%emt 0:00:12]} Qa7 {[%emt 0:00:01]} 29. Bxa8 {[%emt 0:00:33]} Qxa8 {[%emt 0:01:50]} 30. Nxg6+ {[%emt 0:01:27]} hxg6 {[%emt 0:00:01]} 31. Be7 {[%emt 0:01:06]} Rd7 {[%emt 0:00:43]} 32. Qa4 {[%emt 0:00:14]} Qb7 {[%emt 0:00:44]} 33. Rab1 {[%emt 0:01:22]} 1-0

[Event "ISR-chT 2020"]
[Site "Israel"]
[Date "2020.01.17"]
[Round "3.31"]
[White "Rodshtein, Maxim"]
[Black "Boruchovsky, Avital"]
[Result "0-1"]
[WhiteElo "2628"]
[BlackElo "2524"]
[Annotator "TA"]
[PlyCount "158"]
[EventDate "2020.01.10"]
[EventType "team-tourn"]
[EventCountry "ISR"]
[SourceTitle "playchess.com"]
[Source "ChessBase"]
[SourceQuality "1"]

{[%evp 9,158,-12,25,33,22,24,23,27,22,26,43,30,39,25,38,41,64,25,52,40,68,62,94,62,92,85,121,68,67,62,100,73,81,31,43,31,36,0,-3,-14,-10,-16,0,0,3,0,160,147,162,154,133,161,215,164,291,269,287,300,297,247,236,232,453,212,431,-26,-35,-33,-14,-49,-48,-201,-63,-257,-240,-243,-256,-251,-261,-251,-238,-221,-188,-188,-188,-188,-188,-188,-177,-180,-175,-177,-178,-221,-221,-193,-187,-179,-171,-199,-206,-367,-217,-217,-217,-210,-215,-215,-111,-108,-110,-114,-114,-113,-80,-225,-234,-217,-231,-837,-837,-837,-837,-837,-837,-837,-837,-837,-830,-830,-830,-830,-822,-814,-805,-622,-622,-749,-749,-622,-622,-1469,-622,-622,-622,-622,-542,-622,-330,-29985,-29986]} 1. c4 e6 2. Nc3 b6 3. d4 Bb7 4. a3 Nf6 5. d5 g6 6. e4 {A50: Queen's Fianchetto Defence (1 d4 Nf6 2 c4 b6)} d6 7. Nf3 Bg7 8. Be2 {White has an edge.} O-O 9. O-O (9. Nd4 Re8 10. O-O exd5 11. exd5 Ne4 12. Nxe4 Rxe4 13. Nf3 Nd7 14. Qc2 Nc5 15. Bg5 {0-1 (41) Zhou,W (2588)-Wei,Y (2728) China 2019}) 9... Nbd7 10. Be3 a6 11. Qc2 $146 ({Predecessor:} 11. Nd2 Qe7 12. Bd4 Rfe8 13. Re1 Rac8 14. Bf1 exd5 15. cxd5 {1-0 (65) Girish,A (2250)-Sathyanandha,S (2010) Akhisar Manisa 2009}) 11... Qe7 12. Rad1 $36 {[%mdl 2048] White is pushing.} Rac8 13. h3 Rfe8 14. Nd4 Kh8 15. b4 Qf8 16. Qd2 Re7 17. Rfe1 Ng8 18. dxe6 ({White should play} 18. f3 $16) 18... fxe6 $14 19. Nb3 Rf7 20. f3 c5 21. Na4 {[%cal Bc3a4,Ba4b2,Bb2d3][%mdl 32]} Be5 22. Rf1 Ngf6 23. Nb2 (23. Bh6 $5 {[%cal Rh6f8]} Qe7 24. Bg5 $11) 23... Nh5 24. Nd3 Bg7 25. Nf2 Ne5 26. Rfe1 Ng3 27. f4 Nc6 $2 ({Black should try} 27... Nxe2+ $11 28. Qxe2 Nc6) 28. Bg4 $16 (28. Qxd6 cxb4 29. Qxf8+ Rcxf8 $11) 28... Re8 29. Qxd6 cxb4 30. axb4 (30. Bxe6 $6 Qxd6 31. Rxd6 Rf6 $14) 30... Bc3 (30... Qxd6 $142 31. Rxd6 Nxb4) 31. Bd2 Bxb4 (31... Bxd2 $142 32. Qxd2 Qxb4) 32. Bxb4 $18 Nxb4 33. Re3 (33. Bxe6 Rxf4 34. Re3 Nh5 $11) 33... Nh5 34. Bxh5 gxh5 35. Qxb6 {Strongly threatening Nc5.} Rxf4 $2 (35... Nc6 36. Nc5 Ba8) 36. Rg3 (36. Qxb7 $142 Rb8 37. Qc7) 36... Bxe4 $2 (36... h4 37. Rg4 Rf7) 37. Qe3 $2 ({White must play} 37. Nxe4 $18 Rxe4 38. Rd7) 37... Bg6 $11 38. Nc5 e5 39. Nce4 Nc2 40. Qc3 $2 (40. Qb6 $15) 40... Nd4 ({Don't play} 40... Bxe4 41. Nxe4 Nd4 42. Re1 $17 (42. Rxd4 $2 h4 $19)) (40... Rxe4 $19 41. Nxe4 Bxe4) 41. Re3 $2 (41. Re1 $15) 41... Qg7 $19 42. Rde1 Rg8 {...Bxe4 is the strong threat.} ({Don't take} 42... Bxe4 43. Nxe4 h4 44. Kh1) 43. Rg3 h4 44. Rg4 h5 45. Rg5 Ne6 46. Rxe5 Bxe4 $1 {[%csl Ge4,Gg8][%cal Rg7g2][%mdl 64] [#] Pin} 47. Rxh5+ Bh7 48. Qxg7+ Nxg7 49. Rh6 Nf5 50. Rxa6 Ng3 51. c5 Rgf8 52. Ra2 Rc4 53. Nh1 Rxc5 54. Kh2 Rg5 55. Ra4 $2 (55. Rb2 {was called for.}) 55... Nf1+ (55... Rf1 $142 56. Raa1 Rxe1 57. Rxe1 Be4) 56. Kg1 Nd2 {aiming for ...Nf3+.} 57. Rg4 Rxg4 58. hxg4 {[#]} Rf4 (58... Ne4 $1 $19 59. Kh2 Rf4) 59. Re8+ Kg7 {Hoping for ...Ne4.} 60. Nf2 Bg6 61. Re7+ Kf6 62. Ra7 (62. Re2 $17 {is a better defense.}) 62... Ne4 63. Ra6+ Kg7 64. Nxe4 $2 (64. Nd3 Rxg4 65. Ne5) 64... Bxe4 {[%mdl 4096] Endgame KRB-KR} 65. Kh2 Rxg4 66. Ra2 Kf6 67. Rf2+ Kg5 68. Re2 Kh5 69. Rf2 Kg6 70. Re2 Kg5 71. Rf2 Rg3 72. Re2 Bf5 73. Rb2 Rc3 74. Rf2 Kg4 {( -> ...Rc2)} 75. Rb2 Re3 76. Rf2 Be4 {White must now prevent ...h3.} 77. Rd2 Rc3 {And now ...Rc2 would win.} 78. Re2 Rc4 79. Rf2 $2 (79. Re1 $19) 79... Rc2 {Accuracy: White = 46%, Black = 52%.} 0-1

[Event "ISR-chT 2020"]
[Site "Israel"]
[Date "2020.01.17"]
[Round "3.32"]
[White "Nabaty, Tamir"]
[Black "Roiz, Michael"]
[Result "1/2-1/2"]
[WhiteElo "2644"]
[BlackElo "2598"]
[Annotator "TA"]
[PlyCount "84"]
[EventDate "2020.01.10"]
[EventType "team-tourn"]
[EventCountry "ISR"]
[SourceTitle "playchess.com"]
[Source "ChessBase"]
[SourceQuality "1"]

{[%evp 17,84,0,7,0,0,-2,10,0,23,16,25,20,24,0,0,0,16,0,0,0,2,-14,-8,-33,-17,-15,-19,-19,-18,-15,-14,-21,-12,-12,-6,-22,-6,-5,-2,-7,-7,-7,-7,-7,-7,-12,-6,-13,-17,-23,0,0,0,7,0,0,0,0,0,0,0,0,0,-12,0,0,0,0,0]} 1. e4 e5 2. Nf3 Nc6 3. Nc3 Nf6 4. d4 exd4 5. Nxd4 Bb4 6. Nxc6 bxc6 7. Bd3 d5 8. exd5 O-O 9. O-O cxd5 10. h3 {C47: Scotch Four Knights and Four Knights with 4 g3} (10. Bg5 c6 11. Qf3 Bd6 12. Rae1 Rb8 13. Nd1 h6 14. Bxf6 Qxf6 15. Qxf6 gxf6 16. b3 f5 17. Ne3 f4 18. Nf5 Bxf5 19. Bxf5 Kg7 20. g3 Kf6 21. Bd3 {½-½ (30) Movsesian,S (2654)-Ding,L (2811) Khanty-Mansiysk 2019}) 10... c6 11. Qf3 Rb8 $146 ({Predecessor:} 11... Re8 12. Bf4 Bd6 13. Rfe1 Be6 14. Ne2 Qc7 15. Rad1 Rab8 {½-½ (36) Saric,I (2618)-Rodshtein,M (2698) Minsk 2017}) 12. Re1 Bd6 13. b3 Re8 14. Bf4 Be6 15. Rad1 Qc7 16. Ne2 Bd7 {[#] Threatens to win with ...Rxe2!} 17. Bxd6 Qxd6 18. Qg3 Qxg3 19. fxg3 c5 20. Nc3 Rxe1+ 21. Rxe1 Kf8 22. g4 h6 23. Kf2 Bc6 24. Nb1 a5 25. Nd2 a4 26. Kg3 axb3 27. axb3 Ra8 28. h4 Bd7 29. g5 Nh5+ 30. Kf3 {[#] g4 is the strong threat.} hxg5 31. hxg5 {Hoping for g4.} g6 $1 32. g4 Ng7 33. Kg3 Re8 34. Rxe8+ {The position is equal.} Kxe8 $11 {[%mdl 4096] Endgame KBN-KBN} 35. Kf4 Ne6+ 36. Ke5 c4 37. Be2 cxb3 38. cxb3 Nxg5 39. b4 Ke7 40. b5 Bxb5 41. Bxb5 f5 42. Be2 fxg4 {Accuracy: White = 48%, Black = 64%.} 1/2-1/2

[Event "ISR-chT 2020"]
[Site "Israel"]
[Date "2020.01.17"]
[Round "3.33"]
[White "Postny, Evgeny"]
[Black "Erenberg, Ariel"]
[Result "1-0"]
[WhiteElo "2608"]
[BlackElo "2484"]
[Annotator "TA"]
[PlyCount "153"]
[EventDate "2020.01.10"]
[EventType "team-tourn"]
[EventCountry "ISR"]
[SourceTitle "playchess.com"]
[Source "ChessBase"]
[SourceQuality "1"]

{[%evp 12,153,5,4,8,8,10,22,14,2,3,0,18,0,0,-1,16,19,20,30,24,16,22,0,0,0,0,-7,0,0,0,0,0,0,4,5,4,4,4,0,13,7,9,6,18,11,13,6,33,18,35,29,41,38,29,24,45,28,30,18,39,33,74,39,89,66,66,65,60,60,72,39,87,87,87,73,88,58,35,0,87,87,97,97,97,0,8,8,88,88,88,88,88,88,88,88,97,0,72,72,72,72,81,42,41,33,42,8,8,0,0,0,0,0,124,107,155,148,150,156,383,93,142,83,83,83,83,87,87,100,180,179,494,464,1763,1763,5393,5124,1849,6019,5513,5591,2302,2712]} 1. d4 Nf6 2. c4 e6 3. Nc3 Bb4 4. e3 O-O 5. Bd3 d5 6. Nf3 b6 7. O-O Ba6 {E52: Nimzo-Indian: Rubinstein: 4...0-0 5 Nf3 d5 6 Bd3 b6} 8. cxd5 exd5 9. Bxa6 Nxa6 {[%cal Bb8a6,Ba6c5,Bc5e4][%mdl 32] The position is equal.} 10. Qd3 Qc8 11. Bd2 Re8 12. Rfc1 $146 ({Predecessor:} 12. Rac1 Bf8 13. a3 c5 14. dxc5 Nxc5 {½-½ (54) Mamedyarov,S (2736)-Carlsen,M (2850) Berlin 2015}) 12... Bf8 13. a3 c5 14. dxc5 Nxc5 15. Qc2 Qa6 16. b4 Nce4 17. Qa4 Qxa4 18. Nxa4 Nxd2 19. Nxd2 Rac8 20. Nc3 a5 21. bxa5 bxa5 22. Nb3 a4 23. Nxa4 Rxc1+ 24. Rxc1 Bxa3 25. Rc6 h6 26. h3 Ra8 27. Nc3 Rb8 28. Nd4 Bb2 29. f3 Ra8 30. Nce2 Ra1+ 31. Kf2 Bxd4 32. Nxd4 $11 {[%mdl 4096] Endgame KRN-KRN} Ra2+ 33. Kg3 Ra7 34. Nf5 Kh7 35. Kh2 Rb7 36. g4 Ra7 37. Kg3 Kg6 38. Rc8 Kh7 39. h4 g6 40. Nd4 Kg7 41. Kf4 h5 42. g5 Nd7 43. Rd8 Rb7 44. Kg3 Nb6 45. Kf4 ({Better is} 45. f4 $14) 45... Nd7 $16 46. Nc6 Rc7 47. Ne7 $1 Nb6 48. Rg8+ ({White should play} 48. Nxd5 $16 Nxd5+ 49. Rxd5) 48... Kh7 $11 49. Re8 Rc4+ (49... Kg7 $1 $11) 50. Kg3 $16 Rc7 51. Ng8 {White threatens Nf6+ and mate.} Nd7 52. Rd8 Kg7 53. Ne7 Nb6 54. Rg8+ Kh7 55. Re8 Kg7 56. f4 $1 Ra7 57. f5 gxf5 58. Nxf5+ Kg6 59. Nd4 {Black should prevent Rh8.} Nc4 60. Ne2 Kf5 61. Nf4 Ra3 62. Nxd5 Rd3 (62... Ne5 $11 {keeps the balance.}) 63. Ne7+ $1 Ke6 {Strongly threatening ...Kd7.} 64. Nc6+ Kf5 {[#]} 65. Kf3 $1 Rd1 $2 (65... Ra3 $16) 66. Nd4+ $2 (66. Ne7+ $18 {has better winning chances.} Ke6 67. Ng8+ Kd7 68. Nf6+ {[%mdl 64] Double Attack} Kc6 69. Nxh5) 66... Kg6 67. Rc8 (67. Rg8+ $142 Kh7 68. Rf8) 67... Ne5+ 68. Ke4 Ng4 69. Rc6+ Kh7 70. Rc7 Kg6 {[#]} (70... Rf1 $16 {is a better defense.} 71. Ra7 Nf2+ 72. Kf3 Ng4+ 73. Ke4 Nf2+ 74. Kf3 Ng4+ 75. Ke2 Rf2+ 76. Kd3 Kg6 77. Ra6+ f6) 71. Ne2 $1 $18 {[%cal Re2f4] Threatens to win with Nf4+.} f5+ $2 (71... Nf2+ {is more resistant.} 72. Kf3 Nd3) 72. Kf3 {[%cal Re2f4] White is clearly winning.} Rf1+ (72... Ne5+ $142 73. Kg3 Nd3) 73. Kg3 f4+ 74. Nxf4+ Kf5 75. Rf7+ Ke4 76. Re7+ Ne5 77. Ng6 {Accuracy: White = 55%, Black = 47%.} 1-0

[Event "ISR-chT 2020"]
[Site "Israel"]
[Date "2020.01.17"]
[Round "3.34"]
[White "Givon, Asaf"]
[Black "Mikhalevski, Victor"]
[Result "1/2-1/2"]
[WhiteElo "2474"]
[BlackElo "2571"]
[Annotator "TA"]
[PlyCount "41"]
[EventDate "2020.01.10"]
[EventType "team-tourn"]
[EventCountry "ISR"]
[SourceTitle "playchess.com"]
[Source "ChessBase"]
[SourceQuality "1"]

{[%evp 14,41,12,11,17,18,15,18,20,0,9,0,0,-8,0,-8,0,0,0,0,0,0,31,0,0,0,0,0,0,-7]} 1. e4 e5 2. Nf3 Nc6 3. Bc4 Bc5 4. O-O Nf6 5. d3 O-O 6. h3 h6 7. Re1 d6 8. c3 a6 {C54: Giuoco Piano: 4 c3 Nf6, main lines with 5 d4 and 5 d3} 9. Bb3 Re8 10. Nbd2 {[%cal Bb1d2,Bd2f1,Bf1g3][%mdl 32]} Be6 11. Nf1 Bxb3 12. Qxb3 d5 13. Ng3 Qd7 {[#]} 14. Be3 $146 ({Predecessor:} 14. exd5 Nxd5 15. Ne4 Bf8 16. Bd2 b5 17. a4 {0-1 (33) Amin,B (2709)-Swiercz,D (2655) Astana 2019}) 14... Bf8 15. Rad1 Rad8 16. Qc2 ({Of course not} 16. Qxb7 Rb8 $19) 16... Qe6 17. a3 g6 18. c4 d4 {The position is equal.} 19. Bd2 a5 20. Rb1 Ra8 21. b4 {Accuracy: White = 48%, Black = 64%.} 1/2-1/2

[Event "ISR-chT 2020"]
[Site "Israel"]
[Date "2020.01.17"]
[Round "3.35"]
[White "Steinberg, Nitzan"]
[Black "Rozentalis, Eduardas"]
[Result "1-0"]
[WhiteElo "2542"]
[BlackElo "2531"]
[Annotator "TA"]
[PlyCount "71"]
[EventDate "2020.01.10"]
[EventType "team-tourn"]
[EventCountry "ISR"]
[SourceTitle "playchess.com"]
[Source "ChessBase"]
[SourceQuality "1"]

{[%evp 11,71,51,57,46,45,-1,52,50,109,118,119,104,106,107,118,109,127,127,131,115,110,109,106,109,103,93,110,117,148,145,141,136,179,122,133,0,169,110,114,114,116,102,102,107,196,197,230,233,237,229,240,244,239,182,215,76,106,0,125,106,1888,1975]} 1. e4 c6 2. d4 d5 3. Nc3 g6 4. Nf3 Bg7 5. h3 Nh6 6. Bd3 f6 7. Qe2 {B15: Caro-Kann: 3 Nc3: 3...g6 and 3...dxe4 4 Nxe4 Nf6 5 Nxf6+ exf6} (7. O-O O-O 8. Re1 Nf7 9. Bf1 b6 10. b3 e6 11. a4 Ba6 12. Ba3 Re8 13. Bd3 Bxd3 14. Qxd3 a5 15. Rad1 Na6 16. h4 Nb4 17. Qd2 {1-0 (69) Sanal,V (2490)-Laznicka,V (2675) Skopje 2018}) 7... Nf7 8. e5 O-O (8... fxe5 $11 9. dxe5 Na6) 9. e6 $1 $14 {[%cal Re6f7] White is slightly better.} Nd6 ({Black should play} 9... Ng5 $1 $14) 10. h4 $146 ({Predecessor:} 10. g4 b5 11. b3 Na6 12. a3 Nc7 13. Be3 Bxe6 {1-0 (29) Reichel,R (1503)-Orwatsch,G (1994) Nuremberg 2013}) 10... f5 11. h5 Rf6 12. hxg6 hxg6 13. Ng5 {Hoping for Bf4.} Ne4 14. Bxe4 fxe4 15. Qg4 {aiming for Qh4.} Bxe6 16. Qh4 $1 $36 {[%cal Rh4h7][%mdl 2048] And now Qh7+ would win. White is in control.} (16. Nxe6 $6 Qc8 $11) 16... Qd6 17. Be3 {[%mdl 1024] White has strong compensation.} (17. Nxe6 Qxe6 18. Bg5 Rf5 $11) 17... Nd7 18. O-O-O (18. Nxe6 Qxe6 19. O-O-O Rff8 $15) 18... Nf8 19. Ne2 Qd7 20. f3 exf3 21. Nxf3 {Ne5 is the strong threat.} Rf5 22. Ng5 (22. Nf4 $18) 22... Rf6 23. Nf3 Rf5 $1 24. Ng3 (24. Nf4 $18) 24... Rf7 {[#]} 25. Ng5 $1 {[%cal Rg5f7]} ({Reject} 25. Ne5 $6 Bxe5 26. dxe5 Rh7 $11) 25... Rf6 26. Bf4 Bg4 27. Rdf1 c5 (27... Bh5 $16 {might work better.}) 28. Be5 $18 ({And not} 28. dxc5 e5 $11) 28... cxd4 29. Bxf6 exf6 30. Nh7 g5 31. Nxf8 Rxf8 32. Qh7+ Kf7 {intending ...Rh8.} 33. Qd3 ({Much less strong is} 33. Rh6 $6 Ke8) (33. Nh5 $18 {is more deadly.} Bxh5 34. Qxh5+ Ke7 35. Qd1) 33... Re8 $16 {[#] White must now prevent ...Re3.} 34. Qxd4 (34. Nf5 $1 $16 {[%cal Rf5g7]} Bxf5 35. Rxf5) 34... b6 (34... Kg6 $1 $11 {keeps the balance.}) 35. Rh7 Qd6 $2 {[%mdl 8192]} (35... Qe6 $16) 36. Qxg4 {Accuracy: White = 60%, Black = 56%.} 1-0

[Event "ISR-chT 2020"]
[Site "Israel"]
[Date "2020.01.17"]
[Round "3.36"]
[White "Gorshtein, Ido"]
[Black "Greenfeld, Alon"]
[Result "1-0"]
[WhiteElo "2372"]
[BlackElo "2510"]
[Annotator "ChessBase"]
[PlyCount "65"]
[EventDate "2020.01.10"]
[EventType "team-tourn"]
[EventCountry "ISR"]
[SourceTitle "playchess.com"]
[Source "ChessBase"]
[SourceQuality "1"]
[TimeControl "40/5400+30:1800+30"]

1. c4 {[%emt 0:00:33]} Nf6 {[%emt 0:04:39]} 2. Nf3 {[%emt 0:00:43]} c5 {[%emt 0:03:53]} 3. d4 {[%emt 0:02:00]} cxd4 {[%emt 0:03:15]} 4. Nxd4 {[%emt 0:00:03]} e5 {[%emt 0:05:45]} 5. Nb5 {[%emt 0:10:59]} d5 {[%emt 0:02:24]} 6. cxd5 {[%emt 0:01:15]} Bc5 {[%emt 0:00:12]} 7. N5c3 {[%emt 0:01:25]} O-O {[%emt 0:01:02]} 8. e3 {[%emt 0:00:57]} e4 {[%emt 0:01:52]} 9. Be2 {[%emt 0:00:41]} Qe7 {[%emt 0:00:42]} 10. Nd2 {[%emt 0:01:22]} Rd8 {[%emt 0:05:57]} 11. a3 {[%emt 0:07:22]} a5 {[%emt 0:24:28]} 12. Qa4 {[%emt 0:10:55]} Bf5 {[%emt 0:02:18]} 13. g4 {[%emt 0:05:44]} Nxg4 {[%emt 0:14:33]} 14. Ndxe4 {[%emt 0:00:37]} b5 {[%emt 0:02:59]} 15. Bxb5 {[%emt 0:00:40]} Bb4 {[%emt 0:03:30]} 16. Ng3 {[%emt 0:03:05]} Be4 {[%emt 0:08:20]} 17. axb4 {[%emt 0:04:37]} Bxh1 {[%emt 0:01:14]} 18. Nxh1 {[%emt 0:00:13]} Na6 {[%emt 0:03:43]} 19. bxa5 {[%emt 0:07:53]} Nb4 {[%emt 0:00:16]} 20. a6 {[%emt 0:01:43]} Ne5 {[%emt 0:03:02]} 21. e4 {[%emt 0:03:53]} Ned3+ {[%emt 0:05:09]} 22. Bxd3 {[%emt 0:04:27]} Nxd3+ {[%emt 0:00:04]} 23. Ke2 {[%emt 0:00:28]} Nxc1+ {[%emt 0:01:24]} 24. Rxc1 {[%emt 0:00:03]} Rd6 {[%emt 0:00:38]} 25. Qb4 {[%emt 0:03:24]} Qd8 {[%emt 0:00:36]} 26. Qd4 {[%emt 0:03:08]} Rdxa6 {[%emt 0:00:16]} 27. Ng3 {[%emt 0:00:50]} Rb8 {[%emt 0:00:23]} 28. Rc2 {[%emt 0:00:35]} Qg5 {[%emt 0:00:51]} 29. e5 {[%emt 0:00:50]} h5 {[%emt 0:00:26]} 30. h4 {[%emt 0:01:11]} Qe7 {[%emt 0:00:35]} 31. d6 {[%emt 0:01:21]} Qe6 {[%emt 0:00:04]} 32. Nd5 {[%emt 0:00:35]} Rb5 {[%emt 0:00:44]} 33. Rc8+ {[%emt 0:00:23]} 1-0